000 00960 a2200229 4500
999 _c4469
_d4469
020 _a0865437939
020 _a0865437947 (pbk.)
050 0 0 _aPL8002 ADV 2000
100 _aCarstens, Vicki
_eeditor
245 0 0 _aAdvances in African linguistics /
_cedited by Vicki Carstens & Frederick Parkinson.
264 _aTrenton
_bAfrica World Press
_c2000
300 _avii, 311 p. :
_bill. ;
440 0 _aTrends in African linguistics,
500 _aPapers presented at the 18th annual Conference on African Linguistics, which was held July 18-22, 1997, Cornell University.
504 _aIncludes bibliographical references and index.
650 0 _aAfrican languages
_xSyntax
650 0 _aAfrican languages
_xPhonetics
700 1 _aCarstens, Vicki.
700 1 _aParkinson, Frederick.
942 _2lcc
_cBK
_h8002
_iADV
_kPL